书目信息 |
| 题名: |
学生教育与教学管理研究
|
|
| 作者: | 贾素娟 , 杜钰 , 曹英梅 著 | |
| 分册: | ||
| 出版信息: | 北京 中国商务出版社 2019.05 |
|
| 页数: | 190页 | |
| 开本: | 26cm | |
| 丛书名: | ||
| 单 册: | ||
| 中图分类: | G455 , G42 | |
| 科图分类: | ||
| 主题词: | 学生工作--xue sheng gong zuo--研究 , 教学管理--jiao xue guan li--研究 | |
| 电子资源: | ||
| ISBN: | 978-7-5103-2871-8 | |
| 000 | 00951nam0 2200277 450 | |
| 001 | 0104125612 | |
| 005 | 20201104125711.0 | |
| 010 | @a978-7-5103-2871-8@dCNY50.00 | |
| 100 | @a20200408d2019 em y0chiy50 ea | |
| 101 | 0 | @achi |
| 102 | @aCN@b110000 | |
| 105 | @ak z 000yy | |
| 106 | @ar | |
| 200 | 1 | @a学生教育与教学管理研究@Axue sheng jiao yu yu jiao xue guan li yan jiu@f贾素娟, 杜钰, 曹英梅著 |
| 210 | @a北京@c中国商务出版社@d2019.05 | |
| 215 | @a190页@d26cm | |
| 330 | @a本书系统的论述了学生教育与教学管理,内容包括:当代教育基础理论研究;教学模式基础理论研究;信息化教学模式的发展研究;导学课堂教学模式的发展研究等。 | |
| 606 | 0 | @a学生工作@Axue sheng gong zuo@x研究 |
| 606 | 0 | @a教学管理@Ajiao xue guan li@x研究 |
| 690 | @aG455@v5 | |
| 690 | @aG42@v5 | |
| 701 | 0 | @a贾素娟@Ajia su juan@4著 |
| 701 | 0 | @a杜钰@Adu yu@4著 |
| 701 | 0 | @a曹英梅@Acao ying mei@4著 |
| 801 | 0 | @aCN@bBJSZM@c20201104 |
| 905 | @b1259806-10@dG455@e405@f5 | |
| 学生教育与教学管理研究/贾素娟, 杜钰, 曹英梅著.-北京:中国商务出版社,2019.05 |
| 190页;26cm |
| ISBN 978-7-5103-2871-8:CNY50.00 |
| 本书系统的论述了学生教育与教学管理,内容包括:当代教育基础理论研究;教学模式基础理论研究;信息化教学模式的发展研究;导学课堂教学模式的发展研究等。 |
| ● |
| 相关链接 |
|
|
|
|
正题名:学生教育与教学管理研究
索取号:G455/405
 
预约/预借
| 序号 | 登录号 | 条形码 | 馆藏地/架位号 | 状态 | 备注 |
| 1 | 1259806 | 212598063 | 第一样本阅览室/ [索取号:G455/405] | 在馆 | |
| 2 | 1259807 | 212598072 | 教育系资料室/ [索取号:G455/405] | 在馆 | |
| 3 | 1259808 | 212598081 | 教育系资料室/ [索取号:G455/405] | 在馆 | |
| 4 | 1259809 | 212598090 | 第四借阅区/ [索取号:G455/405] | 在馆 | |
| 5 | 1259810 | 212598107 | 第四借阅区/ [索取号:G455/405] | 在馆 |